Опоки литейные цельнолитые чугунные. Конструкция и размеры; Часть 2; ГОСТ 14996-69 Опоки литейные цельнолитые чугунные прямоугольные с упрощенным профилем стенок размерами в свету: длиной от 400 до 500 мм, шириной до 400 мм, высотой от 75 до 200 мм. Конструкция и размеры; ГОСТ 14997-69 Опоки литейные цельнолитые чугунные круглые с упрощенным профилем стенок диаметром в свету 400; 500 мм, высотой от 75 до 200 мм. Конструкция и размеры; ГОСТ 14998-69 Опоки литейные цельнолитые чугунные прямоугольные размерами в свету: длиной от 400 до 500 мм, шириной от 300 до 400 мм, высотой от 100 до 200 мм. Конструкция и размеры; ГОСТ 14999-69 Опоки литейные цельнолитые чугунные круглые диаметром в свету 400; 500 мм, высотой от 100 до 200 мм. Конструкция и размеры; ГОСТ 15000-69 Опоки литейные цельнолитые чугунные прямоугольные комбинированные размерами в свету длиной 500 мм, шириной 400 мм, высотой 150; 200 мм. Конструкция и размеры; ГОСТ 15002-69 Опоки литейные цельнолитые чугунные прямоугольные размерами в свету: длиной от 600 до 900 мм, шириной от 500 до 700 высотой 125 до 400 мм. Конструкция и размеры; ГОСТ 15003-69 Опоки литейные цельнолитые чугунные круглые диаметром в свету: длиной от 600 до 900 мм, шириной от 500 до 700 высотой 600 мм, высотой от 125 до 300 мм. Конструкция и размеры; ГОСТ 15014-69 Опоки литейные цельнолитые чугунные прямоугольные размерами в свету длиной 2000; 2200 мм, шириной от 1200 до 1800 мм, высотой от 300 до 400 мм. Конструкция и размеры; ГОСТ 15015-69 Опоки литейные цельнолитые чугунные прямоугольные размерами в свету длиной 2000; 2200 мм, шириной от 1200 до 1800 мм, высотой 500; 600 мм. Конструкция и размеры; ГОСТ 15016-69 Опоки литейные цельнолитые чугунные прямоугольные размерами в свету: длиной от 2400 до 3000 мм, шириной от 1600 до 2000 мм, высотой 300 до 400 мм. Конструкция и размеры; ГОСТ 15017-69 Опоки литейные цельнолитые чугунные прямоугольные размерами в свету: длиной от 2400 до 3000 мм, шириной от 1600 до 2000 мм, высотой 500; 600 мм. Конструкция и размеры; ГОСТ 15018-69 Опоки литейные цельнолитые чугунные прямоугольные размерами в свету: длиной от 2400 до 3000 мм, шириной от 1600 до 2000 мм, высотой 700; 800 мм. Конструкция и размеры; ГОСТ 15019-69 Втулки центрирующие и направляющие для литейных опок. Конструкция и размеры; ГОСТ 15020-69 Цапфы (заготовки) для литейных опок и металлических форм (кокилей). Конструкция и размеры; ГОСТ 15021-69 Скобы (заготовки) для литейных опок. Конструкция и размеры; ГОСТ 15022-69 Ручки для литейных опок. Конструкция и размеры
| Korporativna značnica: | |
|---|---|
| Jezik: | ruščina |
| Izdano: |
Москва, Изд-во стандартов, 1981
|
| Izdaja: | Изд. офиц. |
| TOC: | ГОСТ 14996-69 Опоки литейные цельнолитые чугунные прямоугольные с упрощенным профилем стенок размерами в свету: длиной от 400 до 500 мм, шириной до 400 мм, высотой от 75 до 200 мм. Конструкция и размеры; ГОСТ 14997-69 Опоки литейные цельнолитые чугунные круглые с упрощенным профилем стенок диаметром в свету 400; 500 мм, высотой от 75 до 200 мм. Конструкция и размеры; ГОСТ 14998-69 Опоки литейные цельнолитые чугунные прямоугольные размерами в свету: длиной от 400 до 500 мм, шириной от 300 до 400 мм, высотой от 100 до 200 мм. Конструкция и размеры; ГОСТ 14999-69 Опоки литейные цельнолитые чугунные круглые диаметром в свету 400; 500 мм, высотой от 100 до 200 мм. Конструкция и размеры; ГОСТ 15000-69 Опоки литейные цельнолитые чугунные прямоугольные комбинированные размерами в свету длиной 500 мм, шириной 400 мм, высотой 150; 200 мм. Конструкция и размеры; ГОСТ 15002-69 Опоки литейные цельнолитые чугунные прямоугольные размерами в свету: длиной от 600 до 900 мм, шириной от 500 до 700 высотой 125 до 400 мм. Конструкция и размеры; ГОСТ 15003-69 Опоки литейные цельнолитые чугунные круглые диаметром в свету: длиной от 600 до 900 мм, шириной от 500 до 700 высотой 600 мм, высотой от 125 до 300 мм. Конструкция и размеры; ГОСТ 15014-69 Опоки литейные цельнолитые чугунные прямоугольные размерами в свету длиной 2000; 2200 мм, шириной от 1200 до 1800 мм, высотой от 300 до 400 мм. Конструкция и размеры; ГОСТ 15015-69 Опоки литейные цельнолитые чугунные прямоугольные размерами в свету длиной 2000; 2200 мм, шириной от 1200 до 1800 мм, высотой 500; 600 мм. Конструкция и размеры; ГОСТ 15016-69 Опоки литейные цельнолитые чугунные прямоугольные размерами в свету: длиной от 2400 до 3000 мм, шириной от 1600 до 2000 мм, высотой 300 до 400 мм. Конструкция и размеры; ГОСТ 15017-69 Опоки литейные цельнолитые чугунные прямоугольные размерами в свету: длиной от 2400 до 3000 мм, шириной от 1600 до 2000 мм, высотой 500; 600 мм. Конструкция и размеры; ГОСТ 15018-69 Опоки литейные цельнолитые чугунные прямоугольные размерами в свету: длиной от 2400 до 3000 мм, шириной от 1600 до 2000 мм, высотой 700; 800 мм. Конструкция и размеры; ГОСТ 15019-69 Втулки центрирующие и направляющие для литейных опок. Конструкция и размеры; ГОСТ 15020-69 Цапфы (заготовки) для литейных опок и металлических форм (кокилей). Конструкция и размеры; ГОСТ 15021-69 Скобы (заготовки) для литейных опок. Конструкция и размеры; ГОСТ 15022-69 Ручки для литейных опок. Конструкция и размеры; |
| Serija: | Государственные стандарты |
| Teme: | |
| Format: | MixedMaterials Knjiga |
| KOHA link: | https://koha.lib.tpu.ru/cgi-bin/koha/opac-detail.pl?biblionumber=154569 |
MARC
| LEADER | 00000nam0a2200000 4500 | ||
|---|---|---|---|
| 001 | 154569 | ||
| 005 | 20231031151920.0 | ||
| 035 | |a (RuTPU)RU\TPU\book\167662 | ||
| 035 | |a RU\TPU\book\167644 | ||
| 090 | |a 154569 | ||
| 100 | |a 20090302d1981 km y0rusy50 ca | ||
| 101 | 0 | |a rus | |
| 102 | |a RU | ||
| 105 | |a a l 000zy | ||
| 200 | 1 | |a Опоки литейные цельнолитые чугунные. Конструкция и размеры |h Часть 2 | |
| 205 | |a Изд. офиц. | ||
| 210 | |a Москва |c Изд-во стандартов |d 1981 | ||
| 215 | |a 132 с. |c ил. | ||
| 225 | 1 | |a Государственные стандарты | |
| 464 | |t ГОСТ 14996-69 Опоки литейные цельнолитые чугунные прямоугольные с упрощенным профилем стенок размерами в свету: длиной от 400 до 500 мм, шириной до 400 мм, высотой от 75 до 200 мм. Конструкция и размеры | ||
| 464 | |t ГОСТ 14997-69 Опоки литейные цельнолитые чугунные круглые с упрощенным профилем стенок диаметром в свету 400; 500 мм, высотой от 75 до 200 мм. Конструкция и размеры | ||
| 464 | |t ГОСТ 14998-69 Опоки литейные цельнолитые чугунные прямоугольные размерами в свету: длиной от 400 до 500 мм, шириной от 300 до 400 мм, высотой от 100 до 200 мм. Конструкция и размеры | ||
| 464 | |t ГОСТ 14999-69 Опоки литейные цельнолитые чугунные круглые диаметром в свету 400; 500 мм, высотой от 100 до 200 мм. Конструкция и размеры | ||
| 464 | |t ГОСТ 15000-69 Опоки литейные цельнолитые чугунные прямоугольные комбинированные размерами в свету длиной 500 мм, шириной 400 мм, высотой 150; 200 мм. Конструкция и размеры | ||
| 464 | |t ГОСТ 15002-69 Опоки литейные цельнолитые чугунные прямоугольные размерами в свету: длиной от 600 до 900 мм, шириной от 500 до 700 высотой 125 до 400 мм. Конструкция и размеры | ||
| 464 | |t ГОСТ 15003-69 Опоки литейные цельнолитые чугунные круглые диаметром в свету: длиной от 600 до 900 мм, шириной от 500 до 700 высотой 600 мм, высотой от 125 до 300 мм. Конструкция и размеры | ||
| 464 | |t ГОСТ 15014-69 Опоки литейные цельнолитые чугунные прямоугольные размерами в свету длиной 2000; 2200 мм, шириной от 1200 до 1800 мм, высотой от 300 до 400 мм. Конструкция и размеры | ||
| 464 | |t ГОСТ 15015-69 Опоки литейные цельнолитые чугунные прямоугольные размерами в свету длиной 2000; 2200 мм, шириной от 1200 до 1800 мм, высотой 500; 600 мм. Конструкция и размеры | ||
| 464 | |t ГОСТ 15016-69 Опоки литейные цельнолитые чугунные прямоугольные размерами в свету: длиной от 2400 до 3000 мм, шириной от 1600 до 2000 мм, высотой 300 до 400 мм. Конструкция и размеры | ||
| 464 | |t ГОСТ 15017-69 Опоки литейные цельнолитые чугунные прямоугольные размерами в свету: длиной от 2400 до 3000 мм, шириной от 1600 до 2000 мм, высотой 500; 600 мм. Конструкция и размеры | ||
| 464 | |t ГОСТ 15018-69 Опоки литейные цельнолитые чугунные прямоугольные размерами в свету: длиной от 2400 до 3000 мм, шириной от 1600 до 2000 мм, высотой 700; 800 мм. Конструкция и размеры | ||
| 464 | |t ГОСТ 15019-69 Втулки центрирующие и направляющие для литейных опок. Конструкция и размеры | ||
| 464 | |t ГОСТ 15020-69 Цапфы (заготовки) для литейных опок и металлических форм (кокилей). Конструкция и размеры | ||
| 464 | |t ГОСТ 15021-69 Скобы (заготовки) для литейных опок. Конструкция и размеры | ||
| 464 | |t ГОСТ 15022-69 Ручки для литейных опок. Конструкция и размеры | ||
| 610 | 1 | |a ГОСТы | |
| 610 | 1 | |a стандарты | |
| 610 | 1 | |a опоки | |
| 610 | 1 | |a литейные формы | |
| 610 | 1 | |a формовка | |
| 610 | 1 | |a заготовки | |
| 610 | 1 | |a конструкция | |
| 610 | 1 | |a размеры | |
| 712 | 0 | 1 | |a СССР |b Государственный комитет по стандартам (Госстандарт) |c (1978-1989) |2 stltpush |3 (RuTPU)RU\TPU\col\12454 |
| 801 | 2 | |a RU |b 63413507 |c 20221208 |g PSBO | |
| 942 | |c BK | ||